000
00409nam a22001217a 4500
003
SGT
082
_a
891.4309
_b
S07D
100
_a
दाभोलकर, श्रीपाद अच्युत
245
_a
सर्व सुलभ समृद्धि : प्रयोग परिवार विधि
260
_b
अकेडमा प्रकाशन
_c
2007
300
_a
220
942
_2
ddc
_c
BK
999
_c
31248
_d
31248